000 01526nam a2200169 4500
005 20220917111422.0
008 220917b ||||| |||| 00| 0 eng d
022 _a0974-9306
040 _cAL
041 _aeng
245 _aJournal of Infrastructure Development
260 _aLos Angeles
_bSage Publications
500 _aThe purpose of this peer-reviewed journal is to carry out informed public debates on infrastructure policy, given that in most developing countries, infrastructure is as much related to policy as it is to markets. This journal provides a platform for healthy trade and debate regarding new ideas in the infrastructure sector. The journal looks at issues and concerns regarding infrastructure in India and in other countries in the world. Infrastructure includes physical, social, economic and financial infrastructure as well as what we can loosely term market infrastructure (enabling environments like extension services in agriculture and proper commercial laws). The journal also looks at infrastructure issues specific to other countries at present but that may be relevant to India at a later date. This is a policy journal and, hence, deals with issues that are of immediate relevance in the area of infrastructure. Although the journal focuses on issues topical to India, its reach and interest is outside India as well.
650 _2Economics
_aPlanning; development
_957812
856 _ahttps://us.sagepub.com/en-us/nam/journal/journal-infrastructure-development
942 _2ddc
_cPR
_s1
999 _c224616
_d224616